|
|
|
|
| LEADER |
01270nam a2200301 a 4500 |
| 001 |
12749 |
| 003 |
BD-DhAAL |
| 008 |
091004s1994 dk ab bb 000 0 eng d |
| 999 |
|
|
|c 4413
|d 4413
|
| 010 |
|
|
|a 2003334303
|
| 040 |
|
|
|a DLC
|c DLC
|d BD-DhAAL
|
| 082 |
0 |
0 |
|a 363.349365492
|2 21
|
| 245 |
0 |
0 |
|a Flood management model
|b final report.
|
| 246 |
1 |
|
|i At head of title:
|a FAP 25: Flood modelling and management
|
| 260 |
|
|
|a Dhaka :
|b Danish Hydraulic Institute in association with Euroconsult, BCEOM,
|c 1994-
|
| 300 |
|
|
|a iv,1 v.p.:
|b ill., col. maps ;
|c 30 cm.
|
| 362 |
0 |
|
|a Vol.II
|
| 500 |
|
|
|a "Government of the People's Republic of Bangladesh, Flood Plan Coordination Organisation"--Cover.
|
| 500 |
|
|
|a "Donors Denmark, France, the Netherlands"--Cover.
|
| 504 |
|
|
|a Includes bibliographical references (p. r1-r2).
|
| 505 |
1 |
|
|a 1. Main report
|
| 541 |
1 |
|
|e 00012749
|
| 650 |
|
0 |
|a Flood control
|z Bangladesh.
|9 39927
|
| 710 |
2 |
|
|a Flood Plan Coordination Organization (Bangladesh)
|9 39928
|
| 710 |
2 |
|
|a Dansk hydraulisk institut.
|9 39929
|
| 852 |
4 |
|
|a Ayesha Abed Library
|j General shelf
|
| 942 |
|
|
|2 ddc
|c BK
|
| 952 |
|
|
|0 0
|1 0
|2 ddc
|4 0
|6 363_349365492000000_FLO_1994
|7 0
|9 4118
|a BRACUL
|b BRACUL
|c GEN
|d 2009-10-11
|g 120.00
|l 0
|o 363.349365492 FLO
|p 3010012749
|r 2009-10-11
|t 1
|w 2009-10-11
|y BK
|